[Event "6. Torneo IRT Móstoles 2013"]
[Site "Madrid ESP"]
[Date "2013.07.18"]
[Round "3.1"]
[White "Garcia Diaz, Victor"]
[Black "Arribas Lopez, Angel"]
[Result "0-1"]
[WhiteElo "2160"]
[BlackElo "2494"]
[PlyCount "98"]
[EventDate "2013.07.16"]
[EventType "swiss"]
[EventRounds "9"]
[EventCountry "ESP"]
[Source "lmi"]
[SourceDate "2013.07.15"]

1. d4 g6 2. c4 Bg7 3. Nc3 d6 4. e4 Nf6 5. Be2 Nbd7 6. g4 e5 7. g5 Ng8 8. dxe5
dxe5 9. Be3 h6 10. Qd2 hxg5 11. Bxg5 Bh6 12. Bxh6 Nxh6 13. O-O-O c6 14. h4 Qf6
15. Kb1 Nc5 16. f3 Ng8 17. Nh3 Bxh3 18. Rxh3 Rd8 19. Qe3 Rd4 20. Qf2 Ne6 21.
Rdh1 Nf4 22. R3h2 Qd6 23. Bd1 Nf6 24. Bc2 Ke7 25. Ne2 Nxe2 26. Qxe2 Nh5 27. Rd1
Rxd1+ 28. Bxd1 Nf4 29. Qe1 Qd3+ 30. Bc2 Qxc4 31. Rh1 b6 32. Qe3 Qc5 33. Qb3 Rd8
34. a3 Rd2 35. Rd1 Rxd1+ 36. Bxd1 Qd4 37. Bc2 Ne6 38. a4 Nc5 39. Qa3 a5 40. f4
exf4 41. Qf3 Qg1+ 42. Ka2 Qg3 43. Qd1 f3 44. Qd4 f6 45. Qe3 Qg2 46. Qh6 Qxc2
47. Qg7+ Ke6 48. Qg8+ Ke5 49. Qe8+ Ne6 0-1

[Event "6. Torneo IRT Móstoles 2013"]
[Site "Madrid ESP"]
[Date "2013.07.18"]
[Round "3.2"]
[White "Almagro Llamas, Pablo"]
[Black "Fernandez Blazquez, Diego"]
[Result "1-0"]
[WhiteElo "2473"]
[BlackElo "2195"]
[PlyCount "65"]
[EventDate "2013.07.16"]
[EventType "swiss"]
[EventRounds "9"]
[EventCountry "ESP"]
[Source "lmi"]
[SourceDate "2013.07.15"]

1. e4 c5 2. Nf3 e6 3. b3 Nf6 4. e5 Nd5 5. Bb2 Nc6 6. g3 Be7 7. Bg2 O-O 8. O-O
f6 9. c4 Ndb4 10. exf6 Bxf6 11. Bxf6 Qxf6 12. Nc3 Nd4 13. Nxd4 cxd4 14. Ne4 Qe7
15. a3 Nc6 16. f4 b6 17. Ng5 h6 18. Nf3 Bb7 19. b4 Rab8 20. Qe2 Qd6 21. Qd3
Rbc8 22. Rac1 a6 23. Rfe1 Rc7 24. c5 bxc5 25. bxc5 Qd5 26. Nh4 Qh5 27. f5 Nd8
28. fxe6 Nxe6 29. c6 Bxc6 30. Bxc6 Rfc8 31. Bxd7 Rxc1 32. Bxe6+ Kf8 33. Qf1+
1-0

[Event "6. Torneo IRT Móstoles 2013"]
[Site "Madrid ESP"]
[Date "2013.07.18"]
[Round "3.3"]
[White "Lopez Gomez, Miguel"]
[Black "Hernando Pertierra, Jose C"]
[Result "0-1"]
[WhiteElo "2042"]
[BlackElo "2359"]
[PlyCount "80"]
[EventDate "2013.07.16"]
[EventType "swiss"]
[EventRounds "9"]
[EventCountry "ESP"]
[Source "lmi"]
[SourceDate "2013.07.15"]

1. d4 g6 2. Nf3 Bg7 3. c4 c5 4. Nc3 cxd4 5. Nxd4 Nc6 6. Nxc6 bxc6 7. g3 d6 8.
Bg2 Bd7 9. O-O Nf6 10. Qc2 O-O 11. Rd1 Rb8 12. Rb1 Qa5 13. Qd2 Qh5 14. Qg5 Qxg5
15. Bxg5 h6 16. Be3 Bf5 17. Bxa7 Ra8 18. Bd4 Bxb1 19. Rxb1 Rac8 20. b4 Nd7 21.
Bxg7 Kxg7 22. a4 Ne5 23. c5 dxc5 24. bxc5 Rb8 25. Rb6 Rxb6 26. cxb6 Rb8 27. f4
Nc4 28. Bxc6 Rxb6 29. Bb5 Nd6 30. Nd5 Rb7 31. Bd3 Ra7 32. Nc3 Rc7 33. Nb5 Rc1+
34. Kg2 Nc4 35. Nd4 Kf6 36. Nb3 Rc3 37. a5 Nb2 38. Nd2 Nxd3 39. exd3 Rxd3 40.
Ne4+ Kf5 0-1

[Event "6. Torneo IRT Móstoles 2013"]
[Site "Madrid ESP"]
[Date "2013.07.18"]
[Round "3.4"]
[White "Renteria, Jorge"]
[Black "Dominguez Alcon, Victor"]
[Result "1-0"]
[WhiteElo "2321"]
[BlackElo "2139"]
[PlyCount "105"]
[EventDate "2013.07.16"]
[EventType "swiss"]
[EventRounds "9"]
[EventCountry "ESP"]
[Source "lmi"]
[SourceDate "2013.07.15"]

1. e4 c5 2. Nf3 d6 3. Bb5+ Bd7 4. Bxd7+ Qxd7 5. c4 Nf6 6. Nc3 g6 7. d4 cxd4 8.
Nxd4 Bg7 9. O-O Nc6 10. Nde2 O-O 11. f3 Rfc8 12. Be3 Qd8 13. Qd2 Ne5 14. b3 Qa5
15. Rfd1 a6 16. a4 Rab8 17. Rab1 Qc7 18. Kh1 b6 19. Bg5 Qb7 20. h3 Re8 21. Qe3
Ned7 22. Bh6 Qc7 23. Bxg7 Kxg7 24. f4 Qc5 25. Qf3 Rbd8 26. Nc1 Qc7 27. Nd3 a5
28. Nb5 Qb8 29. Re1 e5 30. f5 Nc5 31. Nf2 Qb7 32. Nc3 h5 33. Red1 Qe7 34. Nd5
Nxd5 35. Rxd5 Rh8 36. Kg1 Na6 37. Rbd1 Nb4 38. f6+ Qxf6 39. Qxf6+ Kxf6 40.
Rxd6+ Ke7 41. Rxb6 Rxd1+ 42. Nxd1 Rd8 43. Ne3 Rd3 44. Nd5+ Nxd5 45. exd5 e4 46.
Kf2 Kd7 47. Rb7+ Ke8 48. h4 Kf8 49. b4 Rd4 50. bxa5 Rxc4 51. a6 Rxa4 52. a7 Kg7
53. d6 1-0

[Event "6. Torneo IRT Móstoles 2013"]
[Site "Madrid ESP"]
[Date "2013.07.18"]
[Round "3.5"]
[White "Garcia-Ruiz Fuentes, Angel M"]
[Black "Sanchez Gonzalez, Sergio"]
[Result "0-1"]
[WhiteElo "2004"]
[BlackElo "2304"]
[PlyCount "70"]
[EventDate "2013.07.16"]
[EventType "swiss"]
[EventRounds "9"]
[EventCountry "ESP"]
[Source "lmi"]
[SourceDate "2013.07.15"]

1. e4 c5 2. Nf3 d6 3. d4 cxd4 4. Nxd4 Nf6 5. Nc3 e6 6. f4 a6 7. Qf3 Qb6 8. Nb3
Qc7 9. Be3 b5 10. Bd3 Bb7 11. O-O b4 12. Ne2 d5 13. e5 d4 14. Qg3 dxe3 15. exf6
gxf6 16. Qxe3 a5 17. Ned4 a4 18. Nxe6 fxe6 19. Qxe6+ Be7 20. Nd4 Qd6 21. Bb5+
Nd7 22. Rad1 O-O-O 23. Qe3 Qc5 24. c3 Rhg8 25. Rfe1 Qd5 26. Re2 Rxg2+ 27. Kf1
Rxe2 28. Bxe2 Bc5 29. cxb4 Qg2+ 30. Ke1 Bxb4+ 31. Rd2 Qh1+ 32. Kf2 Bxd2 33.
Qxd2 Qg2+ 34. Ke1 Qg1+ 35. Bf1 Nc5 0-1

[Event "6. Torneo IRT Móstoles 2013"]
[Site "Madrid ESP"]
[Date "2013.07.18"]
[Round "3.6"]
[White "De La Fuente Gonzalez, Francis"]
[Black "Cabanas Bravo, Juan Andres"]
[Result "1-0"]
[WhiteElo "2197"]
[BlackElo "2091"]
[PlyCount "71"]
[EventDate "2013.07.16"]
[EventType "swiss"]
[EventRounds "9"]
[EventCountry "ESP"]
[Source "lmi"]
[SourceDate "2013.07.15"]

1. Nf3 Nf6 2. c4 g6 3. Nc3 d5 4. cxd5 Nxd5 5. e4 Nxc3 6. dxc3 Qxd1+ 7. Kxd1 Bg7
8. Bf4 c6 9. a4 Nd7 10. Bc4 Nc5 11. Nd2 O-O 12. Kc2 Be6 13. Bxe6 Nxe6 14. Be3
f5 15. f3 f4 16. Bf2 Be5 17. Nc4 Bc7 18. Rhd1 Kf7 19. a5 Rfd8 20. b4 a6 21. Bb6
Kf6 22. Bxc7 Nxc7 23. Nb6 Rxd1 24. Rxd1 Re8 25. Rd7 Nb5 26. Rxb7 Ke6 27. Nd7
Rd8 28. Nc5+ Kf7 29. Nxa6 Nd6 30. Rb8 Rd7 31. Nc5 Ra7 32. Kb3 Kf6 33. Rb6 Rc7
34. Na6 Rc8 35. Nb8 g5 36. Nxc6 1-0

[Event "6. Torneo IRT Móstoles 2013"]
[Site "Madrid ESP"]
[Date "2013.07.18"]
[Round "3.7"]
[White "Rodriguez De Castro, Ayar"]
[Black "Aziz Ortego, Omar Luis"]
[Result "1/2-1/2"]
[WhiteElo "2129"]
[BlackElo "2045"]
[PlyCount "133"]
[EventDate "2013.07.16"]
[EventType "swiss"]
[EventRounds "9"]
[EventCountry "ESP"]
[Source "lmi"]
[SourceDate "2013.07.15"]

1. d4 Nf6 2. c4 e6 3. g3 d5 4. Nf3 Be7 5. Bg2 O-O 6. O-O Nbd7 7. Nbd2 c5 8. b3
cxd4 9. Nxd4 e5 10. Nf5 Bc5 11. cxd5 Nb6 12. e4 Nbxd5 13. Nh6+ gxh6 14. exd5
Bg4 15. Bf3 Bxf3 16. Qxf3 Bd4 17. Ba3 Re8 18. Rac1 e4 19. Qf4 Qxd5 20. Rc4 Rad8
21. Rxd4 Qxd4 22. Nc4 e3 23. Qxd4 Rxd4 24. fxe3 Rxc4 25. bxc4 Re6 26. Bb2 Ng4
27. Rd1 Kf8 28. Rd7 Nxe3 29. Ba3+ Kg7 30. Rxb7 Nxc4 31. Rxa7 Re2 32. Bc5 Nd2
33. Ra3 Re1+ 34. Kf2 Rh1 35. Kg2 Rc1 36. Rc3 Rb1 37. Rc2 Ne4 38. Bd4+ Kg6 39.
a3 h5 40. Re2 f5 41. Bb2 h4 42. gxh4 Kh5 43. Rc2 Kxh4 44. a4 Rd1 45. a5 Rd6 46.
Be5 Ra6 47. Bc7 Kg4 48. Rc4 h5 49. Bb6 h4 50. h3+ Kf4 51. Rc8 Nf6 52. Rf8 Nd5
53. Rh8 Nxb6 54. axb6 Ra2+ 55. Kg1 Rb2 56. Kf1 Kg3 57. Rh6 Kxh3 58. Rg6 f4 59.
Ke1 f3 60. Kf1 Rg2 61. b7 Rb2 62. Rg7 f2 63. Rf7 Kg4 64. Rg7+ Kf3 65. Rf7+ Kg4
66. Rxf2 Rxb7 67. Kg2 1/2-1/2

[Event "6. Torneo IRT Móstoles 2013"]
[Site "Madrid ESP"]
[Date "2013.07.18"]
[Round "3.9"]
[White "Martin Garcia, Francisco Javie"]
[Black "Gonzalez, Mateos Rafael"]
[Result "0-1"]
[WhiteElo "1706"]
[BlackElo "2053"]
[PlyCount "54"]
[EventDate "2013.07.16"]
[EventType "swiss"]
[EventRounds "9"]
[EventCountry "ESP"]
[Source "lmi"]
[SourceDate "2013.07.15"]

1. d4 Nf6 2. Nf3 e6 3. c4 b6 4. g3 Ba6 5. b3 Bb4+ 6. Bd2 Be7 7. Bc3 c6 8. Bg2
d5 9. Ne5 O-O 10. O-O Nfd7 11. cxd5 Nxe5 12. dxe6 Ng6 13. exf7+ Rxf7 14. d5 Bb7
15. Bh3 Rf8 16. e4 cxd5 17. Be6+ Kh8 18. e5 Bc5 19. Bb2 Nd7 20. Qh5 d4 21. b4
Ndxe5 22. bxc5 Nf3+ 23. Kg2 Ng5+ 24. c6 Bxc6+ 25. f3 Nxe6 26. Nd2 Ngf4+ 27.
gxf4 Nxf4+ 0-1

[Event "6. Torneo IRT Móstoles 2013"]
[Site "Madrid ESP"]
[Date "2013.07.18"]
[Round "3.10"]
[White "Baeza Escudero, Javier"]
[Black "Perez Cameselle, Francisco"]
[Result "0-1"]
[WhiteElo "2028"]
[BlackElo "1865"]
[PlyCount "98"]
[EventDate "2013.07.16"]
[EventType "swiss"]
[EventRounds "9"]
[EventCountry "ESP"]
[Source "lmi"]
[SourceDate "2013.07.15"]

1. d4 Nf6 2. c4 e6 3. g3 Bb4+ 4. Bd2 Qe7 5. Bg2 O-O 6. a3 Bxd2+ 7. Nxd2 d5 8.
Ngf3 Nbd7 9. O-O b6 10. cxd5 exd5 11. b4 c5 12. bxc5 bxc5 13. dxc5 Nxc5 14. Nd4
Be6 15. N2b3 Rac8 16. Nxc5 Rxc5 17. Qd2 Ne4 18. Qb4 Rfc8 19. Nb3 R5c7 20. Nd4
Qf6 21. Nxe6 Qxe6 22. Rfd1 h5 23. Qb3 Nc3 24. Bxd5 Nxd5 25. Qxd5 Qxe2 26. Re1
Qg4 27. Rab1 Rd7 28. Qe4 Qxe4 29. Rxe4 Rc2 30. Rb5 g6 31. h4 Kg7 32. Ra5 Rdd2
33. Rf4 Rd7 34. Kg2 Kf8 35. Ra6 Rb7 36. Ra5 Rcb2 37. Kh3 Rc2 38. Rf3 Kg8 39. g4
hxg4+ 40. Kxg4 Kg7 41. Rf4 Rd7 42. Kg3 Rd3+ 43. f3 Rcc3 44. h5 gxh5 45. Rxh5
Rxa3 46. Rg4+ Kf8 47. Rh8+ Ke7 48. Rf4 a5 49. Re4+ Kf6 0-1

[Event "6. Torneo IRT Móstoles 2013"]
[Site "Madrid ESP"]
[Date "2013.07.19"]
[Round "4.1"]
[White "Arribas Lopez, Angel"]
[Black "Renteria, Jorge"]
[Result "1/2-1/2"]
[WhiteElo "2494"]
[BlackElo "2321"]
[PlyCount "32"]
[EventDate "2013.07.16"]
[EventType "swiss"]
[EventRounds "9"]
[EventCountry "ESP"]
[Source "lmi"]
[SourceDate "2013.07.15"]

1. Nf3 Nf6 2. d4 g6 3. Bg5 Bg7 4. Nbd2 d5 5. e3 Nbd7 6. Bd3 O-O 7. c3 Re8 8.
O-O e5 9. dxe5 Nxe5 10. Nxe5 Rxe5 11. Nf3 Re8 12. h3 c6 13. a4 Qb6 14. Qc2 a5
15. Ra3 Ne4 16. Rb3 Qa7 1/2-1/2

[Event "6. Torneo IRT Móstoles 2013"]
[Site "Madrid ESP"]
[Date "2013.07.19"]
[Round "4.2"]
[White "Sanchez Gonzalez, Sergio"]
[Black "Almagro Llamas, Pablo"]
[Result "0-1"]
[WhiteElo "2304"]
[BlackElo "2473"]
[PlyCount "120"]
[EventDate "2013.07.16"]
[EventType "swiss"]
[EventRounds "9"]
[EventCountry "ESP"]
[Source "lmi"]
[SourceDate "2013.07.15"]

1. c4 b6 2. g3 Bb7 3. Nf3 Bxf3 4. exf3 e6 5. d4 Bb4+ 6. Nc3 Ne7 7. Bg2 O-O 8.
O-O d5 9. cxd5 exd5 10. f4 c6 11. Qd3 g6 12. Bh3 f5 13. a3 Bd6 14. b4 a6 15.
Qe2 Kg7 16. Na4 Nc8 17. Bb2 Be7 18. Rfe1 Bf6 19. g4 fxg4 20. Qxg4 Nd6 21. Re6
Ra7 22. Kh1 Kh8 23. Rae1 Raf7 24. Bc1 Bxd4 25. Nb2 Bg7 26. Nd3 Nc4 27. Ne5 Nxe5
28. fxe5 Rxf2 29. Bg5 Qd7 30. Qh4 R2f3 31. Bg4 h5 32. Bf6 Rf4 33. Bxg7+ Qxg7
34. h3 Qf7 35. Rf6 Rxf6 36. exf6 Qxf6 37. Qxf6+ Rxf6 38. Re8+ Kg7 39. Be2 Rf8
40. Re7+ Kf6 41. Rb7 b5 42. Kg2 Ke5 43. Rg7 Kf6 44. Rb7 Rg8 45. Kf3 Ke6 46. Ke3
Nd7 47. Ra7 Kd6 48. Rxa6 Re8+ 49. Kd2 Rb8 50. Kc3 Nb6 51. Ra7 Rg8 52. Rf7 Ke6
53. Rc7 Rc8 54. Rg7 Kf5 55. Ra7 Kg5 56. Bd3 Nc4 57. a4 bxa4 58. Rxa4 Rf8 59.
Ra2 Ne5 60. Bb1 Rf3+ 0-1

[Event "6. Torneo IRT Móstoles 2013"]
[Site "Madrid ESP"]
[Date "2013.07.19"]
[Round "4.3"]
[White "Hernando Pertierra, Jose C"]
[Black "De La Fuente Gonzalez, Francis"]
[Result "1/2-1/2"]
[WhiteElo "2359"]
[BlackElo "2197"]
[PlyCount "52"]
[EventDate "2013.07.16"]
[EventType "swiss"]
[EventRounds "9"]
[EventCountry "ESP"]
[Source "lmi"]
[SourceDate "2013.07.15"]

1. Nf3 c5 2. c3 Nf6 3. d4 cxd4 4. cxd4 d5 5. Nc3 Nc6 6. g3 g6 7. Bg2 Bg7 8. O-O
O-O 9. Ne5 e6 10. Bg5 h6 11. Bf4 Nxe5 12. Bxe5 Bd7 13. a4 Rc8 14. Qd2 Bc6 15.
Rfc1 Ne8 16. Bxg7 Kxg7 17. b4 b6 18. e3 Nd6 19. Bf1 Qd7 20. f3 Rc7 21. Bd3 Rfc8
22. a5 Bb5 23. Nxb5 Nxb5 24. Rxc7 Rxc7 25. axb6 axb6 26. Qb2 Nd6 1/2-1/2

[Event "6. Torneo IRT Móstoles 2013"]
[Site "Madrid ESP"]
[Date "2013.07.19"]
[Round "4.4"]
[White "Aziz Ortego, Omar Luis"]
[Black "Fuentes Arjona, Antonio"]
[Result "1-0"]
[WhiteElo "2045"]
[BlackElo "1997"]
[PlyCount "98"]
[EventDate "2013.07.16"]
[EventType "swiss"]
[EventRounds "9"]
[EventCountry "ESP"]
[Source "lmi"]
[SourceDate "2013.07.15"]

1. e4 c5 2. c4 Nc6 3. Nf3 g6 4. d4 cxd4 5. Nxd4 Bg7 6. Nc2 d6 7. Nc3 Nh6 8. Bg5
f6 9. Bxh6 Bxh6 10. h4 Be6 11. h5 Qa5 12. Nd4 Bf7 13. hxg6 hxg6 14. f4 Nxd4 15.
Qxd4 O-O-O 16. g3 Bxf4 17. Bh3+ Rxh3 18. Rxh3 Be6 19. gxf4 Bxh3 20. O-O-O Be6
21. Kb1 Qc5 22. Qd2 Qxc4 23. Qg2 Bf7 24. Nd5 Kd7 25. b3 Qb5 26. Qh3+ Be6 27.
Qxe6+ Kxe6 28. Nc7+ Kf7 29. Nxb5 a6 30. Nc3 Rh8 31. Kc2 Rh4 32. Rf1 Rg4 33. Rf2
g5 34. fxg5 Rxg5 35. b4 e6 36. a4 Rg4 37. Rh2 Rg7 38. Rh8 f5 39. exf5 exf5 40.
Rh6 Rg6 41. Rh7+ Rg7 42. Rxg7+ Kxg7 43. Kd3 Kf6 44. Kd4 Kg5 45. Nd5 Kg4 46. Ke3
Kg3 47. a5 Kg4 48. Kf2 f4 49. Nc7 Kf5 1-0

[Event "6. Torneo IRT Móstoles 2013"]
[Site "Madrid ESP"]
[Date "2013.07.19"]
[Round "4.5"]
[White "Fernandez Blazquez, Diego"]
[Black "Perez Cameselle, Francisco"]
[Result "1-0"]
[WhiteElo "2195"]
[BlackElo "1865"]
[PlyCount "79"]
[EventDate "2013.07.16"]
[EventType "swiss"]
[EventRounds "9"]
[EventCountry "ESP"]
[Source "lmi"]
[SourceDate "2013.07.15"]

1. d4 Nf6 2. Bg5 e6 3. e4 Be7 4. e5 Nd5 5. Bxe7 Qxe7 6. Qd2 Nc6 7. Nf3 d6 8. c4
Nb6 9. exd6 cxd6 10. Be2 e5 11. d5 Nb8 12. O-O Bg4 13. c5 Nc8 14. Nc3 Bxf3 15.
Bxf3 O-O 16. Rfd1 Nd7 17. c6 Nf6 18. b4 Nb6 19. a4 a5 20. bxa5 Nc4 21. Qa2 Nxa5
22. Rac1 bxc6 23. dxc6 e4 24. Re1 Nxc6 25. Nxe4 Nb4 26. Nxf6+ Qxf6 27. Qc4 Rab8
28. Rb1 d5 29. Bxd5 Nxd5 30. Qxd5 Rbd8 31. Qe5 Qxe5 32. Rxe5 Ra8 33. a5 Rfd8
34. g3 f6 35. Re7 Rab8 36. Rxb8 Rxb8 37. a6 Rb1+ 38. Kg2 Ra1 39. a7 Ra3 40.
Re8+ 1-0

[Event "6. Torneo IRT Móstoles 2013"]
[Site "Madrid ESP"]
[Date "2013.07.19"]
[Round "4.6"]
[White "Angelina Vela, Carlos"]
[Black "Vega Gomez, Francisco B"]
[Result "1/2-1/2"]
[WhiteElo "1987"]
[BlackElo "2248"]
[PlyCount "39"]
[EventDate "2013.07.16"]
[EventType "swiss"]
[EventRounds "9"]
[EventCountry "ESP"]
[Source "lmi"]
[SourceDate "2013.07.15"]

1. c4 c5 2. Nc3 g6 3. g3 Bg7 4. Bg2 Nc6 5. d3 a6 6. e3 e5 7. Nge2 Nge7 8. O-O
O-O 9. Rb1 Rb8 10. Nd5 b5 11. Nec3 Nf5 12. cxb5 axb5 13. b4 cxb4 14. Nxb4 Nce7
15. Nbd5 Nxd5 16. Nxd5 d6 17. Bd2 Be6 18. Bb4 Qd7 19. Qd2 Rfc8 20. Rfc1 1/2-1/2

[Event "6. Torneo IRT Móstoles 2013"]
[Site "Madrid ESP"]
[Date "2013.07.19"]
[Round "4.7"]
[White "Fernandez Garcia, Javier"]
[Black "Garcia Diaz, Victor"]
[Result "1-0"]
[WhiteElo "1980"]
[BlackElo "2160"]
[PlyCount "37"]
[EventDate "2013.07.16"]
[EventType "swiss"]
[EventRounds "9"]
[EventCountry "ESP"]
[Source "lmi"]
[SourceDate "2013.07.15"]

1. d4 b5 2. Nf3 Nf6 3. e3 a6 4. Bd3 Bb7 5. Nbd2 e6 6. O-O g5 7. e4 g4 8. Ne5 h5
9. f3 g3 10. f4 gxh2+ 11. Kh1 d5 12. f5 dxe4 13. fxe6 Qxd4 14. Nxe4 Qxe5 15.
Nxf6+ Ke7 16. exf7 Qxf6 17. Rxf6 Kxf6 18. Qf1+ Kg7 19. b3 1-0

[Event "6. Torneo IRT Móstoles 2013"]
[Site "Madrid ESP"]
[Date "2013.07.19"]
[Round "4.8"]
[White "Dominguez Alcon, Victor"]
[Black "Ruiz Sanchez, Roberto"]
[Result "1-0"]
[WhiteElo "2139"]
[BlackElo "1958"]
[PlyCount "60"]
[EventDate "2013.07.16"]
[EventType "swiss"]
[EventRounds "9"]
[EventCountry "ESP"]
[Source "lmi"]
[SourceDate "2013.07.15"]

1. e4 c6 2. d4 d5 3. f3 e6 4. Nc3 Bb4 5. Bf4 Nf6 6. Qd3 O-O 7. Nge2 b6 8. O-O-O
Bb7 9. g4 Be7 10. Ng3 dxe4 11. fxe4 b5 12. g5 Nfd7 13. h4 b4 14. Nce2 Ba6 15.
Qf3 Bc4 16. Kb1 Qa5 17. Nc1 Nb6 18. Nb3 Qb5 19. h5 N8d7 20. g6 h6 21. Bxc4 Nxc4
22. d5 e5 23. Bc1 Nd6 24. Nf5 Nxf5 25. Qxf5 Nb6 26. d6 Bd8 27. Rhg1 f6 28. Bxh6
gxh6 29. g7 Rf7 30. Qe6 c5 1-0

[Event "6. Torneo IRT Móstoles 2013"]
[Site "Madrid ESP"]
[Date "2013.07.19"]
[Round "4.9"]
[White "Jordana Vargas, Julio"]
[Black "Rodriguez De Castro, Ayar"]
[Result "0-1"]
[WhiteElo "1943"]
[BlackElo "2129"]
[PlyCount "79"]
[EventDate "2013.07.16"]
[EventType "swiss"]
[EventRounds "9"]
[EventCountry "ESP"]
[Source "lmi"]
[SourceDate "2013.07.15"]

1. c4 d5 2. cxd5 Nf6 3. Nc3 Nxd5 4. Nf3 g6 5. g3 Bg7 6. Bg2 Nxc3 7. bxc3 O-O 8.
O-O c5 9. Rb1 Nc6 10. Qb3 Bf5 11. d3 Rc8 12. c4 b6 13. Bb2 Bg4 14. Bxg7 Kxg7
15. Qb2+ f6 16. h3 Bxf3 17. Bxf3 Nd4 18. Bg2 Qd7 19. Rfd1 e5 20. Kh2 h5 21. e3
Nf5 22. Qb5 Qxb5 23. Rxb5 Rfd8 24. Bd5 h4 25. g4 Ne7 26. Bf3 Rd6 27. Rb3 Rcd8
28. Kg2 Nc6 29. Bxc6 Rxc6 30. f3 f5 31. gxf5 gxf5 32. Kf2 Rg6 33. Rg1 Rxg1 34.
Kxg1 Kf7 35. Kh2 Ke7 36. Kg2 Kd7 37. Kf2 Ke6 38. Rb1 Rxd3 39. Rh1 f4 40. e4 0-1

[Event "6. Torneo IRT Móstoles 2013"]
[Site "Madrid ESP"]
[Date "2013.07.19"]
[Round "4.10"]
[White "Prada Lopez, Miguel Angel"]
[Black "Sotoca Aguado, Jose"]
[Result "0-1"]
[WhiteElo "2115"]
[BlackElo "1928"]
[PlyCount "94"]
[EventDate "2013.07.16"]
[EventType "swiss"]
[EventRounds "9"]
[EventCountry "ESP"]
[Source "lmi"]
[SourceDate "2013.07.15"]

1. b3 e5 2. Bb2 Nc6 3. e3 Nf6 4. Bb5 d6 5. d4 Bd7 6. Nf3 e4 7. Nfd2 d5 8. c4 a6
9. cxd5 axb5 10. dxc6 Bxc6 11. Nc3 b4 12. Ne2 Bd5 13. Nc4 Be7 14. Nf4 O-O 15.
O-O Ra6 16. Nxd5 Qxd5 17. a4 bxa3 18. Nxa3 Rfa8 19. Nc4 Rxa1 20. Bxa1 b5 21.
Ne5 Ra3 22. Qc2 Bd6 23. b4 Ra4 24. Nc6 h6 25. Bb2 Bxb4 26. Nxb4 Rxb4 27. Ba3
Rc4 28. Qb1 c6 29. h3 Qe6 30. Rc1 Ra4 31. Bc5 Nd5 32. Qb2 f5 33. Ra1 Rxa1+ 34.
Qxa1 f4 35. exf4 Nxf4 36. Qa8+ Kh7 37. Qf8 Qf6 38. Qe8 Qg6 39. Qxg6+ Kxg6 40.
Kf1 Kf5 41. h4 g6 42. Bf8 h5 43. f3 e3 44. g3 Ne6 45. Bh6 Nxd4 46. Bxe3 Nxf3
47. Ke2 Ke4 0-1

[Event "6. Torneo IRT Móstoles 2013"]
[Site "Madrid ESP"]
[Date "2013.07.20"]
[Round "5.1"]
[White "Almagro Llamas, Pablo"]
[Black "Arribas Lopez, Angel"]
[Result "1/2-1/2"]
[WhiteElo "2473"]
[BlackElo "2494"]
[PlyCount "42"]
[EventDate "2013.07.16"]
[EventType "swiss"]
[EventRounds "9"]
[EventCountry "ESP"]
[Source "lmi"]
[SourceDate "2013.07.15"]

1. d4 Nf6 2. c4 e6 3. Nf3 c5 4. d5 b5 5. Bg5 exd5 6. cxd5 Qb6 7. a4 bxa4 8.
Bxf6 Qxf6 9. Nc3 Qb6 10. Qc2 d6 11. e4 Be7 12. Bb5+ Nd7 13. Qxa4 a6 14. e5 Rb8
15. Bc6 Qxb2 16. O-O Rb4 17. Nd1 Rxa4 18. Nxb2 Rxa1 19. Rxa1 Kd8 20. Nc4 Kc7
21. Bxd7 Kxd7 1/2-1/2

[Event "6. Torneo IRT Móstoles 2013"]
[Site "Madrid ESP"]
[Date "2013.07.20"]
[Round "5.3"]
[White "De La Fuente Gonzalez, Francis"]
[Black "Aziz Ortego, Omar Luis"]
[Result "1-0"]
[WhiteElo "2197"]
[BlackElo "2045"]
[PlyCount "83"]
[EventDate "2013.07.16"]
[EventType "swiss"]
[EventRounds "9"]
[EventCountry "ESP"]
[Source "lmi"]
[SourceDate "2013.07.15"]

1. Nf3 d5 2. c4 d4 3. e3 c5 4. b4 dxe3 5. fxe3 cxb4 6. d4 e6 7. Bd3 Nf6 8. O-O
b5 9. cxb5 Bb7 10. a3 bxa3 11. Nc3 Qc7 12. Qb3 Ng4 13. e4 Nd7 14. Bxa3 Bxa3 15.
Qxa3 Qf4 16. Qc1 e5 17. Qxf4 exf4 18. Ne2 g5 19. Rfc1 h6 20. Rc7 Bc8 21. Raxa7
Rxa7 22. Rxa7 Ne3 23. Nd2 Nb6 24. Nc3 O-O 25. Na4 Nxa4 26. Rxa4 Bd7 27. Ra7 Bg4
28. b6 Bc8 29. b7 Bxb7 30. Rxb7 Rc8 31. Rb1 Rc3 32. Bf1 Rc2 33. Nb3 g4 34. d5
Kf8 35. Rc1 Rb2 36. Nc5 Rd2 37. Nd7+ Ke7 38. Ne5 Kf6 39. Nc4 Nxc4 40. Bxc4 Ke5
41. Bb3 Kxe4 42. Rd1 1-0

[Event "6. Torneo IRT Móstoles 2013"]
[Site "Madrid ESP"]
[Date "2013.07.20"]
[Round "5.4"]
[White "Sanchez Gonzalez, Sergio"]
[Black "Lopez De Turiso, Jose Angel"]
[Result "1-0"]
[WhiteElo "2304"]
[BlackElo "2095"]
[PlyCount "109"]
[EventDate "2013.07.16"]
[EventType "swiss"]
[EventRounds "9"]
[EventCountry "ESP"]
[Source "lmi"]
[SourceDate "2013.07.15"]

1. c4 f5 2. g3 Nf6 3. Bg2 e6 4. b3 Be7 5. Nf3 O-O 6. O-O d6 7. d4 Qe8 8. Nc3
Nbd7 9. Re1 Ne4 10. Nxe4 fxe4 11. Ng5 Bxg5 12. Bxg5 Qh5 13. Be3 Nf6 14. f3 exf3
15. exf3 Bd7 16. f4 Qxd1 17. Raxd1 Bc6 18. Bh3 Kf7 19. Bc1 Rfe8 20. Re3 Re7 21.
Rde1 Rae8 22. g4 g6 23. b4 a6 24. Rf1 Kg8 25. Rfe1 Kf7 26. Kf2 Ba4 27. Kg3 Bc6
28. Bf1 Kg7 29. h4 Kf7 30. Bd3 Kg8 31. Bb2 Kg7 32. Bc2 b5 33. Ra3 Ra8 34. cxb5
axb5 35. Rxa8 Bxa8 36. Bd3 Bc6 37. a3 Nd5 38. h5 gxh5 39. gxh5 h6 40. Be4 Kf6
41. Kh4 Rg7 42. Bg6 Bd7 43. Rc1 Ke7 44. Rf1 Ne3 45. Rg1 Nd5 46. Bc1 Be8 47. f5
exf5 48. Re1+ Kf6 49. Rxe8 f4 50. Rf8+ Ke6 51. Bxf4 Nxf4 52. Rxf4 c6 53. Bf5+
Ke7 54. Re4+ Kf6 55. Bg4 1-0

[Event "6. Torneo IRT Móstoles 2013"]
[Site "Madrid ESP"]
[Date "2013.07.20"]
[Round "5.6"]
[White "Sotoca Aguado, Jose"]
[Black "Dominguez Alcon, Victor"]
[Result "1/2-1/2"]
[WhiteElo "1928"]
[BlackElo "2139"]
[PlyCount "56"]
[EventDate "2013.07.16"]
[EventType "swiss"]
[EventRounds "9"]
[EventCountry "ESP"]
[Source "lmi"]
[SourceDate "2013.07.15"]

1. e4 c5 2. Nf3 d6 3. d4 cxd4 4. Nxd4 Nf6 5. Nc3 g6 6. Be3 Bg7 7. f3 O-O 8. Qd2
Nc6 9. Bc4 Bd7 10. O-O-O Qa5 11. Bb3 Rfc8 12. Nce2 b5 13. Nxc6 Qxd2+ 14. Rxd2
Bxc6 15. Nd4 Be8 16. Kb1 a5 17. c3 Rab8 18. a3 Nd7 19. Nc2 Ne5 20. Bd4 Nc4 21.
Bxc4 Rxc4 22. Bxg7 Kxg7 23. Re1 Rc5 24. f4 Bc6 25. Nd4 b4 26. Nxc6 Rxc6 27.
cxb4 axb4 28. axb4 Rxb4 1/2-1/2